| 000 | 01026nam a2200313Ii 4500 | ||
|---|---|---|---|
| 999 |
_c9203 _d9203 |
||
| 001 | 5060926 | ||
| 003 | OSt | ||
| 005 | 20210109151557.0 | ||
| 008 | 790613s1949 miu 001 0 eng d | ||
| 010 | _a50007190 | ||
| 020 | _a801005302 | ||
| 040 |
_aBNG _cBNG _dm.c. _dBSC |
||
| 092 |
_a226.4 _bB261 |
||
| 130 | 0 |
_aBible. _pNew Testament _pLuke. _lEnglish. _f1949. |
|
| 245 | 1 | 0 |
_aNotes on the New Testament explanatory and practical : Luke and John / _cby Albert Barnes. |
| 246 | 1 | 0 | _aLuke and John |
| 246 | 3 | 3 | _aBarnes on the New Testament. |
| 250 |
_aEnlarged type ed. / _bedited by Robert Frew. |
||
| 260 |
_aGrand Rapids, Mich. : _bBaker Book House, _c1949. |
||
| 300 |
_av, 409 p. ; _c23 cm. |
||
| 500 | _aSpine title: Barnes on the New Testament : Luke - John. | ||
| 500 | _aVarious printings. | ||
| 500 | _aIncludes index. | ||
| 630 | 0 | 0 |
_aBible. _pN.T. _pLuke _xCommentaries. |
| 630 | 0 | 0 |
_aBible. _pN.T. _pJohn _xCommentaries. |
| 700 | 1 |
_aBarnes, Albert, _d1798-1870. |
|
| 700 | 1 | _aFrew, Robert. | |
| 942 |
_2ddc _cBK |
||